Vývoj poistného trhu v krajinách V4 bakalárska práca

Na minha lista:
Detalhes bibliográficos
Autor principal: Dúžik, Ondrej, 1989-
Autor Corporativo: Fakulta hospodárskej informatiky EU. Katedra štatistiky
Outros Autores: Šoltés, Erik, 1974-
Formato: Livro
Idioma:eslovaco
Publicado em: Bratislava 2011
Tags: Adicionar Tag
Sem tags, seja o primeiro a adicionar uma tag!

MARC

LEADER 00000nbm a2200000 4500
001 0140965
005 20161109111724.9
041 0 |a slo 
044 |a SK 
245 1 0 |a Vývoj poistného trhu v krajinách V4  |b bakalárska práca  |c Ondrej Dúžik ; školiteľ: Erik Šoltés 
264 1 |a Bratislava  |c 2011 
300 |a 43 s. 
100 1 |a Dúžik, Ondrej, 1989- 
700 1 |a Šoltés, Erik, 1974- 
710 2 |a Fakulta hospodárskej informatiky EU. Katedra štatistiky